| 000 | 00426nam a22001817a 4500 | ||
|---|---|---|---|
| 003 | MPLRDC | ||
| 005 | 20220104143540.0 | ||
| 008 | 210129b ||||| |||| 00| 0 eng d | ||
| 020 | _a962-365-758-7 | ||
| 082 | _a848.2 XLZ-9 | ||
| 100 | _a杏林子著 | ||
| 245 |
_a寻找生命的坐标 _c |
||
| 250 | _a初版 | ||
| 260 |
_a _b大众书局 _c2000 |
||
| 300 | _b平 | ||
| 650 | _a现代别集 | ||
| 942 |
_cBK _o848.2 XLZ-9 |
||
| 999 |
_c41002 _d40992 |
||